000 00702nam a22001817a 4500
003 UA-OsUOA
001 15235
007 ta
008 20031103b un ||||| |||| 00| 0 ukr d
100 _aАндрощук М. П.
942 _cSA
040 _aUA-OsUOA
_cUA-OsUOA
_dUA-OsUOA
245 _aРізнобарв'я зеленого світу: [Про діяльн. Радивилів. лісництва Дубен. держлісгоспу розповідає помічник лісничого М. П. Андрощук]
300 _aС.2
955 _a0
773 0 _w0
_tПрапор перемоги
_dРадивилів
_d2003
_g№74/ 19 верес./
650 7 _aДержлісгоспи
_2UDC
999 _c301400
_d301400